=LDR 00000nam 2200000 4500 =001 INLIS000000000015514 =005 20130612110808 =008 ***********************************Indo** =035 ##$$0010-061300000015514 =041 ##$$a Indo =082 ##$$a R.543.003 =090 ##$$a R.543.003, Had =100 ##$$a Hadisuwoyo Mulyo =245 ##$$a Kamus Istilah Kimia Analisik Indonesia-Asing, Mulyo Hadisoewoyo,Gunanto M.Idris Effendi,Rudy Arifin,Frans Rumate =260 ##$$a 1981 $b Jakarta =300 ##$$a x 187 hlm, 21 cm =650 ##$$a Kimia Analisik-Kamus =850 ##$$a NBPNMAT